zpět

Detail výsledku týmu

Kayak Beach Bar , Praha

Datum a čas kvízu

23.5 Celkem bodů Celkový počet nahraných bodů na tomto kvízu bez doplňovacích otázek.
8. Pořadí na kvízu Konečné umístění týmu na tomto kvízu.

Zaznamenané odpovědi

# Otázka Odpověď Body Výsledky
1. Prezidentské volby vyhrál o ví... Karlovarský, Ústecký, Moravskoslezský 1
2. Novým premiérem jedné země se... Nový Zéland 0
3. Americká Akademie filmového um... B) Všechno, všude, najednou 1
4. Minulý týden se k planetě Zemi... Neandertálská kometa 0
5. Barbora Krejčíková a Kateřina... 7. titul (6. a 8. za půl bodu) 0
6. Dne 15. dubna 1986 byl jeden z... Vojtěch Filip 0
7. Ziggy Stardust je mimozemská r... David Bowie 0
8. Jak si v současnosti říká tent... Redzed 0
9. Přezdívky mají i státy USA. Do... 1C 2B 3A 4D 1
10. I mnozí sportovci si dávají př... Kaká 1